Statistiques concernant Les plus grandes villes d'Afrique sur une carte

Cliquez ici pour prendre le quiz!

Statistiques générales

  • Ce quiz a été pris 6,888 fois
  • Le résultat moyen est 10 sur 15

Statistiques - réponses

Population Ville % Correct
20,5 milLe Caire
98%
3,90 milAlger
96%
13,7 milJohannesbourg
88%
4,18 milLe Cap
87%
4,43 milCasablanca
79%
5,70 milAlexandrie
75%
12,0 milKinshasa
72%
5,95 milNairobi
71%
18,8 milLagos
66%
6,15 milKhartoum
62%
5,45 milAbidjan
60%
7,90 milLuanda
50%
4,95 milAccra
49%
6,15 milDar es Salaam
39%
4,55 milKano
14%

Distribution des résultats

Percentile par nombre de réponses

% des personnes avec chaque résultat

Votre développement - résultats

Vous n’avez pas pris ce quiz